Vista normal Vista MARC

Entrada Materia (personas)

Número de registros utilizados en: 2

001 - CONTROL NUMBER

  • control field: 140960

003 - CONTROL NUMBER IDENTIFIER

  • control field: Co-BoUCM

005 - DATE AND TIME OF LATEST TRANSACTION

  • control field: 20211022073839.0

008 - FIXED-LENGTH DATA ELEMENTS

  • fixed length control field: 211022|| aca||aabn | a|a d

040 ## - CATALOGING SOURCE

  • Original cataloging agency: Co-BoUCM
  • Transcribing agency: Co-BoUCM

100 ## - HEADING--PERSONAL NAME

  • Personal name: Vásquez Rocha, B. Hernán

670 ## - SOURCE DATA FOUND

  • Source citation: Work cat.: (Co-BoUCM)69590: Vásquez Rocha, B. Hernán, Música y política análisis de una relación en una introducción y tres movimiento F.J. Haydn - R. Wagner - D. Shostakovich, 2009